Ruth / (Registro nro. 9613)

Detalles MARC
000 -LEADER
campo de control de longitud fija 02981cam a2200493 i 4500
003 - IDENTIFICADOR DE NÚMERO DE CONTROL
campo de control PE-LiUPU
005 - FECHA Y HORA DE LA ÚLTIMA TRANSACCIÓN
campo de control 20250731172844.0
008 - DATOS DE LONGITUD FIJA--INFORMACIÓN GENERAL
campo de control de longitud fija 140718s2015 miu b 001 0 eng
020 ## - NÚMERO INTERNACIONAL ESTÁNDAR DEL LIBRO
Número Internacional Estándar del Libro 080286385X
Información calificativa (pbk. ;
-- alk. paper)
020 ## - NÚMERO INTERNACIONAL ESTÁNDAR DEL LIBRO
Número Internacional Estándar del Libro 9780802863850
Información calificativa (pbk. ;
-- alk. paper)
035 ## - NÚMERO DE CONTROL DEL SISTEMA
Número de control de sistema (Sirsi) i9780802863850
040 ## - FUENTE DE CATALOGACIÓN
Centro catalogador/agencia de origen PE-LiUPU
Lengua de catalogación spa
Centro/agencia transcriptor PE-LiUPU
Normas de descripción rda
049 ## - FONDOS LOCALES (OCLC)
Biblioteca depositaria PRUA
082 00 - NÚMERO DE LA CLASIFICACIÓN DECIMAL DEWEY
Número de clasificación 222.35
Cutter M12
Número de edición 20
100 1# - ENTRADA PRINCIPAL--NOMBRE DE PERSONA
Nombre de persona McKeown, James,
Término indicativo de función/relación autor.
245 10 - MENCIÓN DEL TÍTULO
Título Ruth /
Mención de responsabilidad, etc. James McKeown.
264 #1 - PRODUCCIÓN, PUBLICACIÓN, DISTRIBUCIÓN, FABRICACIÓN Y COPYRIGHT
Producción, publicación, distribución, fabricación y copyright Grand Rapids, Michigan :
Nombre del de productor, editor, distribuidor, fabricante William B. Eerdmans Publishing Company,
Fecha de producción, publicación, distribución, fabricación o copyright 2015.
300 ## - DESCRIPCIÓN FÍSICA
Extensión x, 152 páginas ;
Dimensiones 24 centímetros.
336 ## - TIPO DE CONTENIDO
Término de tipo de contenido text
Fuente rdacontent
337 ## - TIPO DE MEDIO
Nombre/término del tipo de medio unmediated
Fuente rdamedia
338 ## - TIPO DE SOPORTE
Nombre/término del tipo de soporte volume
Fuente rdacarrier
490 1# - MENCIÓN DE SERIE
Mención de serie The Two Horizons Old Testament Commentary
504 ## - NOTA DE BIBLIOGRAFÍA, ETC.
Nota de bibliografía, etc. Bibliografía : páginas 141-146.
504 ## - NOTA DE BIBLIOGRAFÍA, ETC.
Nota de bibliografía, etc. Índices : páginas 147-152.
505 0# - NOTA DE CONTENIDO CON FORMATO
Nota de contenido con formato Introduction. Authorship, date, and purpose ; Genre ; Story line and synopsis ; Outline -- Commentary ; 1:1-5 : from Bethlehem to Moab ; 1:6-7 : Naomi prepares to return to Bethlehem ; 1:8-13 : an emotional farewell as Naomi leaves Moab ; 1:14-18 : the difficult decision facing Ruth and Orpah ; 1:19-22 : Ruth and Naomi arrive in Bethlehem ; 2:1-3 : introduction to Boaz and Ruth's initiative ; 2:4-7 : Boaz arrives at the harvest field ; 2:8-13 : the first conversation between Boaz and Ruth ; 2:14-17 : Boaz's generosity ; 2:18-23 : Ruth's return to Naomi ; 3:1-5 : Naomi's plan ; 3:6-9 : the visit at midnight ; 3:10-15 : Boaz's response to Ruth's plea ; 3:16-18 : Ruth returns to Naomi ; 4:1-4 : the meeting of two redeemers ; 4:5-6 : Boaz speaks about Ruth ; 4:7-8 : The symbolism of a sandal ; 4:9-12 : the redemption is confirmed and witnessed ; 4:13-17 : Boaz marries Ruth, and Obed is born ; 4:18-22 : genealogical data -- Theological horizons. Introductory comments ; Canonical context ; Ruth and Genesis ; Ruth and Deuteronomy ; Ruth and Judges ; Ruth and the books of Samuel ; The marriage of Ruth ; Character studies -- Theological issues, themes, and approaches. Creation, providence, and guidance ; The hiddenness of God ; The theme of land ; The land of Moab ; Redemption ; Universalism ; Feminist studies ; Missiological significance ; Conclusion.
526 ## - NOTA DE INFORMACIÓN SOBRE EL PROGRAMA DE ESTUDIO
Nombre del programa Segunda Especialidad En Profecías Bíblicas
526 ## - NOTA DE INFORMACIÓN SOBRE EL PROGRAMA DE ESTUDIO
Nombre del programa Segunda Especialidad En Nuevo Testamento
526 ## - NOTA DE INFORMACIÓN SOBRE EL PROGRAMA DE ESTUDIO
Nombre del programa Segunda Especialidad En Antiguo Testamento
526 ## - NOTA DE INFORMACIÓN SOBRE EL PROGRAMA DE ESTUDIO
Nombre del programa Segunda Especialidad En Estudios Adventistas
526 ## - NOTA DE INFORMACIÓN SOBRE EL PROGRAMA DE ESTUDIO
Nombre del programa Doctorado en teología
526 ## - NOTA DE INFORMACIÓN SOBRE EL PROGRAMA DE ESTUDIO
Nombre del programa Maestría en teología histórica
526 ## - NOTA DE INFORMACIÓN SOBRE EL PROGRAMA DE ESTUDIO
Nombre del programa Maestría en teología bíblica
526 ## - NOTA DE INFORMACIÓN SOBRE EL PROGRAMA DE ESTUDIO
Nombre del programa Maestría en teología
526 ## - NOTA DE INFORMACIÓN SOBRE EL PROGRAMA DE ESTUDIO
Nombre del programa Maestría en misionología
526 ## - NOTA DE INFORMACIÓN SOBRE EL PROGRAMA DE ESTUDIO
Nombre del programa Maestría en liderazgo eclesiástico
526 ## - NOTA DE INFORMACIÓN SOBRE EL PROGRAMA DE ESTUDIO
Nombre del programa Teología
596 ## -
-- 1
910 ## - DATOS DE OPCIÓN DEL USUARIO (OCLC)
-- ck
-- hop
-- hop
-- 20160526
942 ## - ELEMENTOS DE ENTRADA SECUNDARIOS (KOHA)
Fuente del sistema de clasificación o colocación Clasificación Decimal Dewey
Tipo de ítem Koha
949 ## - PROCESAMIENTO DE INFORMACIÓN LOCAL (OCLC)
a 222.35 M12
w DEWEY
c 1
i 73207
l CCODEBUL1
m BUL
p 22.00
r 0
s Y
t BOOK
u 2016-5-26
x TEOLOGIA
-- P85
0 COMPRA
o .STAFF. Posgrado
994 ## -
-- C0
-- PEPRU
999 ## - NÚMEROS DE CONTROL DE SISTEMA (KOHA)
-- DEWEY
-- 73207
-- 2021-11-9
-- 5
-- CCODEBUL1
-- BUL
-- 22.00
-- 0
-- Y
-- BOOK
-- 2016-5-26
-- TEOLOGIA
-- P85
-- COMPRA
-- .STAFF. Posgrado
980 ## - EQUIVALENCIA O REFERENCIA-CRUZADA-MENCIÓN DE SERIE--NOMBRE DE PERSONA/TÍTULO [LOCAL, CANADÁ]
ID del último usuario que modificó el registro 1
Nombre del último usuario que modificó el registro ALBERTO SANCHEZ Responsable de Automatización
Existencias
Visto por última vez Número de inventario Total de préstamos Signatura topográfica completa Código de barras Copia número Coste, precio de reemplazo Fecha de reemplazo Facultad Tipo de ítem Koha Nota pública Estado de pérdida Fuente del sistema de clasificación o colocación Restricciones de uso No para préstamo Colección Programa académico Biblioteca de origen Biblioteca actual Ubicación en estantería Fecha de adquisición Fuente de adquisición Coste, precio normal de compra
2025-12-02 6   222.35 M12 73207 e1 27.00 2016-05-26   Libros físicos inventario-2023-12-13 No Perdido Clasificación Decimal Dewey No restringido Disponible para préstamos Colección General Maestría en teología Biblioteca CRAI UPeU Lima Biblioteca CRAI UPeU Lima Sala principal 2016-05-26 COMPRA 22.00